000 00220 a2200097 4500
001 23999
100 _aKing, G.J
245 _aPakistan resolution to Pakistan, 1940-47
260 _a
_bN.P.H
_c1969
090 _c16241
_d16241
942 _aNUST-CAE
_cM
_c6938
999 _c259072
_d259072